Το νομικό καθεστώς των τέως δημοσίων οθωμανικών γαιών, 1821-1912

Αποθηκεύτηκε σε:
Λεπτομέρειες βιβλιογραφικής εγγραφής
Κύριος συγγραφέας: Νάκος, Γεώργιος Π.
Μορφή: Βιβλίο
Γλώσσα:Greek
Δημοσίευση: Θεσσαλονίκη : University Studio Press, 1984
Θέματα:
Ετικέτες: Προσθήκη ετικέτας
Δεν υπάρχουν, Καταχωρήστε ετικέτα πρώτοι!

MARC

LEADER 00000cam a2200000 i 4500
001 1/80267
008 961121s1984 gre d
035 |l 10005013 
040 |a GR-MY-UA  |b gre  |e aacr 
041 0 |a gre 
082 0 |a 343.025 
100 1 |a Νάκος, Γεώργιος Π. 
245 1 3 |a Το νομικό καθεστώς των τέως δημοσίων οθωμανικών γαιών, 1821-1912 /  |c Γεωργίου Π. Νάκου 
260 |a Θεσσαλονίκη :   |b University Studio Press,   |c 1984 
300 |a 501 σ. 
504 |a Περιέχει βιβλιογραφία 
650 0 |a Real property  |z Greece  |x History. 
650 0 |a Land tenure  |x Law and legislation  |z Greece  |x History. 
650 0 |a Land tenure (Islamic law)  |z Greece  |x History. 
650 0 |a Real property (Islamic law)  |x History. 
852 |a INST  |b LESVOS  |e 19961121  |h 343.025 ΝΑΚ  |p 005100012424  |q 005100012424  |t BK  |y 0